[Event "Barcelona Sant Marti op 11th"]
[Site "Barcelona"]
[Date "2024.03.07"]
[Round "9"]
[White "Fernandez Pisonero, Daniel"]
[Black "Sanchez Criado, Lluis"]
[Result "1/2-1/2"]
[WhiteElo "1760"]
[BlackElo "2062"]
[PlyCount "82"]
[EventDate "2024.01.11"]
[EventType "swiss"]
[EventRounds "9"]
[EventCountry "ESP"]
[SourceTitle "CB11_2024"]
[SourceDate "2024.03.13"]
[SourceVersion "1"]
[SourceVersionDate "2024.03.13"]
[SourceQuality "1"]

1. e4 c6 2. d4 d5 3. e5 Na6 4. c3 Nc7 5. Bd3 g6 6. Nf3 Nh6 7. Nbd2 Bf5 8. Nf1 Qd7 9. Ne3 Bxd3 10. Qxd3 Bg7 11. a4 a5 12. Nf1 Ne6 13. Ng3 f6 14. exf6 exf6 15. 0-0 0-0 16. Bd2 Nf7 17. Rfe1 Nd6 18. Rad1 Rfe8 19. h4 Qf7 20. Re2 b5 21. axb5 cxb5 22. Rde1 a4 23. h5 Nc4 24. Bc1 Nc7 25. Nh4 f5 26. hxg6 hxg6 27. Nf3 Rxe2 28. Rxe2 Re8 29. Ng5 Qd7 30. Kf1 Bf6 31. Nh3 Rxe2 32. Nxe2 Kg7 33. Nhf4 Ne6 34. Qg3 Nf8 35. Nh5+ Kf7 36. Nxf6 Kxf6 37. Qh4+ Ke6 38. Nf4+ Kf7 39. Qh6 Qd6 40. Nh3 Qf6 41. Nf4 Nb6 1/2-1/2

[Event "Barcelona Sant Marti op 11th"]
[Site "Barcelona"]
[Date "2024.02.29"]
[Round "8"]
[White "Sanchez Criado, Lluis"]
[Black "San Juan Morigosa, Isaura"]
[Result "1-0"]
[WhiteElo "2062"]
[BlackElo "1711"]
[PlyCount "83"]
[EventDate "2024.01.11"]
[EventType "swiss"]
[EventRounds "9"]
[EventCountry "ESP"]
[SourceTitle "CB11_2024"]
[SourceDate "2024.03.13"]
[SourceVersion "1"]
[SourceVersionDate "2024.03.13"]
[SourceQuality "1"]

1. d4 Nf6 2. Nf3 g6 3. g3 Bg7 4. Bg2 0-0 5. 0-0 d6 6. h3 c6 7. a4 a5 8. Nbd2 Qc7 9. e4 Nfd7 10. c3 Na6 11. Qe2 h6 12. Re1 e5 13. dxe5 dxe5 14. Nc4 Ndc5 15. Be3 Be6 16. Nfd2 Rab8 17. b4 axb4 18. cxb4 Nd7 19. Rab1 Rfc8 20. a5 Bf8 21. Bb6 Nxb6 22. axb6 Qe7 23. b5 Nb4 24. Rec1 cxb5 25. Ne3 Rc6 26. Qxb5 Bd7 27. Qa5 Rbc8 28. Rxc6 Nxc6 29. Qa1 Nd4 30. Nd5 Qg5 31. Nf1 Bc5 32. h4 Qd8 33. Qb2 Bg4 34. Nfe3 Bf3 35. Bxf3 Nxf3+ 36. Kg2 Nd4 37. Ng4 Bd6 38. Qd2 Bf8 39. Nxh6+ Bxh6 40. Qxh6 Rc2 41. Ra1 Nf5 42. Nf6+ 1-0

[Event "Barcelona La Lira op 38th"]
[Site "Barcelona"]
[Date "2020.02.28"]
[Round "7"]
[White "Barbero Sendic, Alejandro"]
[Black "Sanchez Criado, Lluis"]
[Result "1-0"]
[WhiteElo "2308"]
[BlackElo "2044"]
[PlyCount "99"]
[EventDate "2020.01.17"]
[EventType "swiss"]
[EventRounds "8"]
[EventCountry "ESP"]
[SourceTitle "CBM 195 Extra"]
[Source "ChessBase"]
[SourceDate "2020.05.31"]
[SourceVersion "1"]
[SourceVersionDate "2020.05.31"]
[SourceQuality "1"]

1. e4 c6 2. Nf3 d5 3. Nc3 dxe4 4. Nxe4 Bg4 5. h3 Bxf3 6. Qxf3 Nd7 7. d4 Ngf6 8. Be2 Nxe4 9. Qxe4 Nf6 10. Qd3 Qc7 11. 0-0 e6 12. Qf3 Be7 13. c4 0-0 14. b3 Rfd8 15. Bb2 Nd7 16. Rad1 Bf6 17. Bc1 Nf8 18. Qe4 Ng6 19. Be3 Rd7 20. Rd2 Rad8 21. Rfd1 Qa5 22. g3 Ne7 23. g4 g6 24. Bf3 a6 25. Qf4 Bg7 26. Qg5 Qxg5 27. Bxg5 h6 28. Be3 Rd6 29. b4 g5 30. Be2 f5 31. f3 f4 32. Bf2 Kh8 33. h4 e5 34. hxg5 hxg5 35. d5 cxd5 36. Bc5 R6d7 37. Bb6 Rc8 38. cxd5 Rc3 39. Kf2 Nc8 40. Bc5 Nd6 41. Bd3 Nc4 42. Bf5 Nxd2 43. Rh1+ Kg8 44. Bxd7 Bf8 45. Be6+ Kg7 46. d6 Kf6 47. d7 Bxc5+ 48. bxc5 Rd3 49. Bf5 Rd4 50. Rh8 1-0

[Event "Barcelona La Lira op 38th"]
[Site "Barcelona"]
[Date "2020.01.31"]
[Round "3"]
[White "Capellades Subirana, Marc"]
[Black "Sanchez Criado, Lluis"]
[Result "1/2-1/2"]
[WhiteElo "2198"]
[BlackElo "2044"]
[PlyCount "101"]
[EventDate "2020.01.17"]
[EventType "swiss"]
[EventRounds "8"]
[EventCountry "ESP"]
[SourceTitle "CBM 195 Extra"]
[Source "ChessBase"]
[SourceDate "2020.05.31"]
[SourceVersion "1"]
[SourceVersionDate "2020.05.31"]
[SourceQuality "1"]

1. e4 c6 2. d4 d5 3. Nc3 dxe4 4. Nxe4 Bf5 5. Ng3 Bg6 6. Nf3 Nd7 7. h4 h6 8. Bd3 Bxd3 9. Qxd3 e6 10. Bd2 Ngf6 11. 0-0-0 Qc7 12. Rhe1 0-0-0 13. Qe2 Bd6 14. Ne5 Nb6 15. Ba5 Qe7 16. Bxb6 axb6 17. Ne4 Bxe5 18. dxe5 Nxe4 19. Qxe4 g6 20. g3 h5 21. Qf4 Rxd1+ 22. Rxd1 Rd8 23. Rxd8+ Kxd8 24. Qd4+ Kc7 25. Kd2 b5 26. Ke2 Qf8 27. a3 Qe7 28. Kf3 Qf8 29. Kg2 Kc8 30. Qb4 Qd8 31. Kh3 f6 32. exf6 Qxf6 33. Kg2 Qf5 34. Qc3 Qe5 35. Kg1 Qf5 36. Qd2 Qe5 37. c3 Qf5 38. b4 Qb1+ 39. Kh2 Qf1 40. Qf4 Kd7 41. Qf7+ Kd6 42. Qf8+ Kd7 43. Qf7+ Kd6 44. Qf8+ Kd7 45. Qf6 Kc7 46. Qe7+ Kb8 47. Qd8+ Ka7 48. Qf8 Kb6 49. Qf4 Ka7 50. Qd4+ Kb8 51. Qd6+ 1/2-1/2

[Event "Barcelona La Lira op 38th"]
[Site "Barcelona"]
[Date "2020.01.24"]
[Round "2"]
[White "Sanchez Criado, Lluis"]
[Black "Vigier Lopez, Carlos"]
[Result "1-0"]
[WhiteElo "2044"]
[BlackElo "1720"]
[PlyCount "81"]
[EventDate "2020.01.17"]
[EventType "swiss"]
[EventRounds "8"]
[EventCountry "ESP"]
[SourceTitle "CBM 195 Extra"]
[Source "ChessBase"]
[SourceDate "2020.05.31"]
[SourceVersion "1"]
[SourceVersionDate "2020.05.31"]
[SourceQuality "1"]

1. d4 Nf6 2. Nf3 d6 3. Bf4 g6 4. h3 Bg7 5. e3 0-0 6. Be2 Nbd7 7. 0-0 Re8 8. c4 e5 9. dxe5 dxe5 10. Nxe5 Qe7 11. Nxd7 Bxd7 12. Nc3 Be6 13. Nb5 Red8 14. Qc1 Ne8 15. a3 a6 16. Nc3 g5 17. Bg3 f5 18. Qc2 Qf7 19. Nd5 b5 20. Rad1 Nd6 21. Bxd6 Rxd6 22. b3 Bxd5 23. Rxd5 Rxd5 24. cxd5 Rd8 25. a4 Rxd5 26. axb5 axb5 27. Qc6 Qd7 28. Qxd7 Rxd7 29. Bxb5 Rd2 30. Rc1 Be5 31. Rc5 Rd1+ 32. Bf1 Bd6 33. Rxf5 h6 34. g3 Kg7 35. Kg2 Kg6 36. g4 h5 37. h4 gxh4 38. Rxh5 Rd2 39. Bb5 Bg3 40. Rf5 Rb2 41. Bc4 1-0

[Event "Barcelona Sant Marti op 21st"]
[Site "Barcelona"]
[Date "2019.07.19"]
[Round "7"]
[White "Morales, Jhon Alexander"]
[Black "Sanchez Criado, Lluis"]
[Result "1-0"]
[WhiteElo "2422"]
[BlackElo "2085"]
[PlyCount "47"]
[EventDate "2019.07.13"]
[EventType "swiss"]
[EventRounds "9"]
[EventCountry "ESP"]
[SourceTitle "EXT 2020"]
[Source "ChessBase"]
[SourceDate "2019.10.17"]
[SourceVersion "1"]
[SourceVersionDate "2019.10.17"]
[SourceQuality "1"]

1. c4 Nf6 2. Nc3 d5 3. cxd5 Nxd5 4. Nf3 g6 5. Qb3 Nb6 6. d4 Bg7 7. e4 Nc6 8. d5 Nb8 9. Be3 0-0 10. Rd1 Bg4 11. Be2 N8d7 12. 0-0 e6 13. h3 Bxf3 14. Bxf3 e5 15. a4 a5 16. Nb5 c6 17. dxc6 bxc6 18. Bxb6 Qxb6 19. Rxd7 cxb5 20. axb5 Kh8 21. Rc1 Bh6 22. Rcc7 Rac8 23. Rxc8 Rxc8 24. Qxf7 1-0

[Event "Barcelona Sant Marti op 21st"]
[Site "Barcelona"]
[Date "2019.07.16"]
[Round "4"]
[White "Sanchez Criado, Lluis"]
[Black "Lopez Capape, Armando"]
[Result "1-0"]
[WhiteElo "2085"]
[BlackElo "1840"]
[PlyCount "43"]
[EventDate "2019.07.13"]
[EventType "swiss"]
[EventRounds "9"]
[EventCountry "ESP"]
[SourceTitle "EXT 2020"]
[Source "ChessBase"]
[SourceDate "2019.10.17"]
[SourceVersion "1"]
[SourceVersionDate "2019.10.17"]
[SourceQuality "1"]

1. c4 e6 2. Nc3 Bb4 3. Qb3 Bxc3 4. Qxc3 Qf6 5. d4 c5 6. dxc5 Qxc3+ 7. bxc3 b6 8. cxb6 axb6 9. Be3 Ra4 10. Bxb6 Rxc4 11. e3 Rc6 12. Ba7 Na6 13. Bb5 Rd6 14. Nf3 Nc7 15. c4 Nxb5 16. cxb5 Nf6 17. 0-0 Ne4 18. Rfc1 0-0 19. Rc7 Rd5 20. Rac1 Nd6 21. a4 Rd3 22. Bc5 1-0

[Event "Barcelona Sant Marti op 21st"]
[Site "Barcelona"]
[Date "2019.07.15"]
[Round "3"]
[White "Alcaraz Lopez, Francesco"]
[Black "Sanchez Criado, Lluis"]
[Result "1/2-1/2"]
[WhiteElo "1846"]
[BlackElo "2085"]
[PlyCount "56"]
[EventDate "2019.07.13"]
[EventType "swiss"]
[EventRounds "9"]
[EventCountry "ESP"]
[SourceTitle "EXT 2020"]
[Source "ChessBase"]
[SourceDate "2019.10.17"]
[SourceVersion "1"]
[SourceVersionDate "2019.10.17"]
[SourceQuality "1"]

1. c4 Nf6 2. Nc3 g6 3. g3 d5 4. cxd5 Nxd5 5. Bg2 Nb6 6. Nf3 Bg7 7. 0-0 0-0 8. b3 Nc6 9. Bb2 e5 10. d3 Bf5 11. a3 Qd7 12. Qc2 Bh3 13. Rac1 Bxg2 14. Kxg2 f5 15. b4 Nd4 16. Nxd4 exd4 17. Nb1 Rae8 18. Rfe1 Bh6 19. Qb3+ Rf7 20. Rc2 Bg7 21. Nd2 Kh8 22. Nf3 Rfe7 23. b5 h6 24. a4 g5 25. Qb4 Nd5 26. Qc4 Nb6 27. Qb4 Nd5 28. Qc4 Nb6 1/2-1/2

[Event "Barcelona CC 4th"]
[Site "Barcelona"]
[Date "2016.10.31"]
[Round "3.1"]
[White "Bernat Capdevila, Ernesto"]
[Black "Sanchez Criado, Lluis"]
[Result "1/2-1/2"]
[WhiteElo "2060"]
[BlackElo "2262"]
[PlyCount "58"]
[EventDate "2016.10.17"]
[EventType "swiss"]
[EventRounds "8"]
[EventCountry "ESP"]
[SourceTitle "EXT 2024"]
[Source "ChessBase"]
[SourceDate "2023.10.10"]
[SourceVersion "1"]
[SourceVersionDate "2023.10.10"]
[SourceQuality "1"]

1. e4 c6 2. Nc3 d5 3. Nf3 dxe4 4. Nxe4 Bf5 5. Ng3 Bg4 6. h3 Bxf3 7. Qxf3 Qd5 8. Qxd5 cxd5 9. Bb5+ Nd7 10. 0-0 a6 11. Ba4 e6 12. d4 Bd6 13. Nh5 g6 14. Nf4 Ne7 15. Re1 b5 16. Bb3 0-0 17. Nxe6 fxe6 18. Rxe6 Bb4 19. c3 Kf7 20. Rxe7+ Bxe7 21. Bxd5+ Kg7 22. Bxa8 Rxa8 23. a4 Nb6 24. axb5 axb5 25. Rxa8 Nxa8 26. Kf1 Kf6 27. Ke2 Nb6 28. b3 Ke6 29. Kd3 Nd5 1/2-1/2

[Event "Barcelona Primavera La Lira op 9th"]
[Site "Barcelona"]
[Date "2016.06.02"]
[Round "9"]
[White "Avila Jimenez, Xavier"]
[Black "Sanchez Criado, Lluis"]
[Result "1/2-1/2"]
[WhiteElo "2220"]
[BlackElo "2121"]
[PlyCount "106"]
[EventDate "2016.04.07"]
[EventType "swiss"]
[EventRounds "9"]
[EventCountry "ESP"]
[SourceTitle "CBM 172 Extra"]
[Source "ChessBase"]
[SourceDate "2016.06.21"]
[SourceVersion "1"]
[SourceVersionDate "2016.06.21"]
[SourceQuality "1"]

1. e4 Nf6 2. Nc3 d5 3. e5 Ne4 4. Nce2 d4 5. Ng3 Nxg3 6. hxg3 Qd5 7. f4 d3 8. Bxd3 Qxg2 9. Qf3 Qxf3 10. Nxf3 h6 11. Be4 e6 12. d4 Na6 13. Bd2 c6 14. 0-0-0 Bd7 15. c4 Nc7 16. Bc3 0-0-0 17. Rh2 Be7 18. a3 b5 19. Ba5 Rdf8 20. Bxc7 Kxc7 21. d5 cxd5 22. cxd5 exd5 23. Rxd5 Rd8 24. Rc2+ Kb8 25. Nd4 Be8 26. Nf5 Rxd5 27. Bxd5 Bf8 28. Nd6 Bxd6 29. exd6 Bd7 30. Bxf7 Rc8 31. Kd2 Rf8 32. Bd5 Rf6 33. Ke3 Rxd6 34. Kd4 Rg6 35. Rc3 h5 36. Bf7 Rd6+ 37. Ke5 Rh6 38. b4 Kb7 39. f5 Kb6 40. Be6 Bc6 41. Kd6 Be4 42. Ke5 Bc6 43. Rc5 h4 44. Kd6 Bf3 45. gxh4 Rxh4 46. Ke7 a5 47. Rc3 Be4 48. bxa5+ Kxa5 49. Rg3 Rh5 50. Rxg7 Bxf5 51. Bxf5 Rxf5 52. Ke6 Rf4 53. Kd5 Rc4 1/2-1/2

[Event "Barcelona Primavera La Lira op 9th"]
[Site "Barcelona"]
[Date "2016.05.12"]
[Round "6"]
[White "Sanchez Criado, Lluis"]
[Black "Mateu Farre, Josep Maria"]
[Result "1-0"]
[WhiteElo "2121"]
[BlackElo "1948"]
[PlyCount "49"]
[EventDate "2016.04.07"]
[EventType "swiss"]
[EventRounds "9"]
[EventCountry "ESP"]
[SourceTitle "CBM 172 Extra"]
[Source "ChessBase"]
[SourceDate "2016.06.21"]
[SourceVersion "1"]
[SourceVersionDate "2016.06.21"]
[SourceQuality "1"]

1. d4 d5 2. Nf3 c5 3. g3 Nc6 4. Bg2 e6 5. 0-0 Nf6 6. c4 Ne4 7. Nc3 Nxc3 8. bxc3 dxc4 9. Qa4 Qa5 10. Qxc4 b5 11. Qd3 Bb7 12. d5 0-0-0 13. dxc6 Rxd3 14. cxb7+ Kb8 15. exd3 Bd6 16. Ng5 Qc7 17. Ne4 Be7 18. d4 f6 19. Nxc5 Bxc5 20. dxc5 e5 21. Be3 f5 22. Rfe1 Rf8 23. a4 f4 24. gxf4 exf4 25. Bd4 1-0

[Event "Barcelona Primavera La Lira op 9th"]
[Site "Barcelona"]
[Date "2016.04.07"]
[Round "1"]
[White "Sanchez Criado, Lluis"]
[Black "Agut Alvarez, Josep Lluis"]
[Result "1-0"]
[WhiteElo "2121"]
[BlackElo "1788"]
[PlyCount "27"]
[EventDate "2016.04.07"]
[EventType "swiss"]
[EventRounds "9"]
[EventCountry "ESP"]
[SourceTitle "CBM 172 Extra"]
[Source "ChessBase"]
[SourceDate "2016.06.21"]
[SourceVersion "1"]
[SourceVersionDate "2016.06.21"]
[SourceQuality "1"]

1. d4 g6 2. g3 Bg7 3. Bg2 d6 4. c3 Nf6 5. Nf3 0-0 6. 0-0 c5 7. Re1 Nc6 8. h3 cxd4 9. cxd4 d5 10. Nc3 Bf5 11. Ne5 Nb4 12. a3 Bc2 13. Qd2 Be4 14. Nxe4 1-0

[Event "Barcelona Sant Marti op-A 5th"]
[Site "Barcelona"]
[Date "2016.02.18"]
[Round "6"]
[White "Sanchez Criado, Lluis"]
[Black "Fernandez Madrid, Carlos"]
[Result "1/2-1/2"]
[WhiteElo "2132"]
[BlackElo "2166"]
[PlyCount "29"]
[EventDate "2016.01.14"]
[EventType "swiss"]
[EventRounds "9"]
[EventCountry "ESP"]
[SourceTitle "EXT 2017"]
[Source "ChessBase"]
[SourceDate "2016.10.25"]
[SourceVersion "1"]
[SourceVersionDate "2016.10.25"]
[SourceQuality "1"]

1. d4 d6 2. g3 g6 3. Bg2 Bg7 4. Nf3 Nf6 5. 0-0 0-0 6. c3 c6 7. Re1 Nbd7 8. e4 e5 9. dxe5 Nxe5 10. Bf4 Nh5 11. Be3 Bg4 12. Nbd2 Qc8 13. Qc2 h6 14. Nxe5 dxe5 15. f3 1/2-1/2

[Event "Barcelona Sant Marti op-A 5th"]
[Site "Barcelona"]
[Date "2016.02.11"]
[Round "5"]
[White "Sanchez Criado, Lluis"]
[Black "Ventura Bolet, Maxim"]
[Result "1/2-1/2"]
[WhiteElo "2132"]
[BlackElo "2239"]
[PlyCount "200"]
[EventDate "2016.01.14"]
[EventType "swiss"]
[EventRounds "9"]
[EventCountry "ESP"]
[SourceTitle "EXT 2017"]
[Source "ChessBase"]
[SourceDate "2016.10.25"]
[SourceVersion "1"]
[SourceVersionDate "2016.10.25"]
[SourceQuality "1"]

1. d4 d5 2. Nf3 Nf6 3. g3 c5 4. Bg2 cxd4 5. Nxd4 e5 6. Nb3 h6 7. 0-0 Nc6 8. Nc3 d4 9. Ne4 Be7 10. e3 0-0 11. c3 Nxe4 12. Bxe4 dxc3 13. bxc3 Be6 14. Qe2 Qc7 15. Bb2 a5 16. c4 a4 17. Nd2 Na5 18. Rfc1 Bb4 19. a3 Bxd2 20. Qxd2 Nb3 21. Qb4 Nxa1 22. Bxa1 Rab8 23. Bb2 Bd7 24. Bc2 Ra8 25. Qc3 Be6 26. c5 f6 27. Qb4 Qc6 28. Bd3 Rfd8 29. Qe4 Qxe4 30. Bxe4 Bd5 31. Bf5 Bb3 32. Be4 Rab8 33. Bc3 Bd5 34. Bf5 Ra8 35. Rd1 Bc6 36. Be6+ Kf8 37. Rc1 Ke7 38. Bc4 Rd7 39. Kf1 Bf3 40. Bb5 Rd1+ 41. Rxd1 Bxd1 42. Bb4 Kd8 43. Ke1 Bb3 44. Kd2 Kc7 45. Kc3 b6 46. h4 Rd8 47. Be2 Kc6 48. cxb6 Kxb6 49. Bd3 Rc8+ 50. Kd2 Bc4 51. Bf5 Rd8+ 52. Kc3 Bb5 53. Kc2 Bd7 54. Bd3 Be6 55. Kc3 f5 56. Bc2 Bd7 57. Bd6 Rc8+ 58. Kd2 e4 59. Be5 g6 60. Bg7 h5 61. Bd1 Kc5 62. Be2 Bb5 63. Bd4+ Kc6 64. Bd1 Kd5 65. Bg7 Bd7 66. Be2 Rb8 67. Kc2 Bb5 68. Bd1 Bd3+ 69. Kc3 Rc8+ 70. Kb4 Rc4+ 71. Ka5 Bc2 72. Be2 Rc5+ 73. Kb4 Bb3 74. Bb5 Rc2 75. Be8 Rxf2 76. Bxg6 Rf3 77. Bh6 Rxg3 78. Bxh5 Rh3 79. Bg5 Ke5 80. Be8 Ke6 81. Bxa4 Bxa4 82. Kxa4 f4 83. Bxf4 Rxh4 84. Kb4 Kd5 85. Kc3 Rh1 86. Bg5 Ra1 87. Kb4 Rb1+ 88. Kc3 Rb7 89. a4 Kc5 90. Bf6 Rb1 91. Bd4+ Kd5 92. a5 Rb5 93. a6 Kc6 94. a7 Kb7 95. Kc4 Rh5 96. Bc5 Ka8 97. Kd4 Kb7 98. Kc4 Ka8 99. Bb6 Kb7 100. Bd4 Ka8 1/2-1/2

[Event "Barcelona Sant Marti op-A 5th"]
[Site "Barcelona"]
[Date "2016.02.04"]
[Round "4"]
[White "Avila Jimenez, Xavier"]
[Black "Sanchez Criado, Lluis"]
[Result "1-0"]
[WhiteElo "2200"]
[BlackElo "2132"]
[PlyCount "121"]
[EventDate "2016.01.14"]
[EventType "swiss"]
[EventRounds "9"]
[EventCountry "ESP"]
[SourceTitle "EXT 2017"]
[Source "ChessBase"]
[SourceDate "2016.10.25"]
[SourceVersion "1"]
[SourceVersionDate "2016.10.25"]
[SourceQuality "1"]

1. e4 c6 2. d4 d5 3. Nc3 dxe4 4. Nxe4 Bf5 5. Ng3 Bg6 6. Nf3 Nd7 7. h4 h6 8. h5 Bh7 9. Bd3 Bxd3 10. Qxd3 e6 11. Bf4 Qa5+ 12. Bd2 Qc7 13. 0-0-0 0-0-0 14. Rh4 Ngf6 15. Ne4 Nc5 16. Nxc5 Bxc5 17. Bf4 Bd6 18. Be3 Nd5 19. Qb3 Qb6 20. Qa4 Kb8 21. Bd2 Qb5 22. Qb3 Qxb3 23. axb3 c5 24. Rg4 Rhg8 25. Ne5 Nf6 26. Rh4 Rgf8 27. Nc4 Be7 28. Bf4+ Ka8 29. Be5 Nd7 30. Rg4 Bg5+ 31. Rxg5 hxg5 32. Bxg7 Rg8 33. h6 Nf8 34. dxc5 Rxd1+ 35. Kxd1 Nh7 36. Ke2 Kb8 37. Ne5 f6 38. Ng4 Kc8 39. Ke3 Kd8 40. Bxf6+ Nxf6 41. Nxf6 Rh8 42. Ng4 Ke7 43. Ke4 Kf7 44. Ke5 Rd8 45. c4 a5 46. h7 Rh8 47. Nf6 Kg7 48. Kxe6 Rf8 49. Ke5 Rc8 50. Ne4 Re8+ 51. Kd5 Rd8+ 52. Nd6 Kxh7 53. Ke6 Rb8 54. Kd7 Rf8 55. Nxb7 Rf7+ 56. Kd6 Rxf2 57. c6 Rf7 58. c7 Rf6+ 59. Kd7 Rf7+ 60. Kc6 Rf6+ 61. Kb5 1-0

[Event "Barcelona Primavera La Lira op 8th"]
[Site "Barcelona"]
[Date "2015.04.30"]
[Round "4"]
[White "Sanchez Criado, Lluis"]
[Black "Flores Linan, Josep Luis"]
[Result "0-1"]
[WhiteElo "2132"]
[BlackElo "1859"]
[PlyCount "140"]
[EventDate "2015.04.09"]
[EventType "swiss"]
[EventRounds "9"]
[EventCountry "ESP"]
[SourceTitle "CBM 166 Extra"]
[Source "ChessBase"]
[SourceDate "2015.06.18"]
[SourceVersion "1"]
[SourceVersionDate "2015.06.18"]
[SourceQuality "1"]

1. d4 g6 2. c4 Bg7 3. Nc3 Nf6 4. e4 d6 5. f4 0-0 6. Nf3 c5 7. d5 Na6 8. Bd3 Nc7 9. 0-0 e6 10. Re1 Bd7 11. e5 Nfe8 12. Be3 b6 13. Qd2 Qe7 14. Bf2 Bc8 15. Rad1 Bb7 16. Bh4 Qd7 17. Be4 Rb8 18. exd6 Nxd6 19. dxe6 Nxe6 20. Ne5 Qc7 21. Bxb7 Nd4 22. Qd3 Qxb7 23. Nd5 N6f5 24. Bf6 Rfe8 25. Qh3 Re6 26. g4 Rxf6 27. Nxf6+ Bxf6 28. gxf5 Bxe5 29. fxe5 Nf3+ 30. Kf2 Nxe1 31. Rxe1 Qd7 32. Qf3 Qd4+ 33. Qe3 Qh4+ 34. Qg3 Qd4+ 35. Qe3 Qxc4 36. Rd1 Qc2+ 37. Rd2 Qxf5+ 38. Kg2 Re8 39. Rd5 f6 40. Qb3 Qe4+ 41. Kf2 c4 42. Qb5 Rxe5 43. Rxe5 Qxe5 44. Qxc4+ Kg7 45. Qa4 Qxb2+ 46. Kg1 Qc1+ 47. Kg2 Qd2+ 48. Kg1 Qg5+ 49. Kf1 Qf5+ 50. Kg2 a5 51. Qc4 Qg5+ 52. Kf1 Qc5 53. Qa4 Kh6 54. Qh4+ Qh5 55. Qf4+ Qg5 56. Qa4 Qf5+ 57. Kg2 g5 58. Qc4 Qf4 59. Qf7 Qe4+ 60. Kg3 Qg6 61. Qf8+ Kh5 62. Qa3 f5 63. Qf3+ g4 64. Qd5 Qf6 65. Qg8 f4+ 66. Kf2 Qg6 67. Qd5+ Kh4 68. Kg2 f3+ 69. Kf2 Qc2+ 70. Ke3 Qc5+ 0-1

[Event "Barcelona Primavera La Lira op 8th"]
[Site "Barcelona"]
[Date "2015.04.09"]
[Round "1"]
[White "Sanchez Criado, Lluis"]
[Black "Massanet Miret, Pere"]
[Result "1-0"]
[WhiteElo "2132"]
[BlackElo "1703"]
[PlyCount "115"]
[EventDate "2015.04.09"]
[EventType "swiss"]
[EventRounds "9"]
[EventCountry "ESP"]
[SourceTitle "CBM 166 Extra"]
[Source "ChessBase"]
[SourceDate "2015.06.18"]
[SourceVersion "1"]
[SourceVersionDate "2015.06.18"]
[SourceQuality "1"]

1. d4 Nf6 2. c4 e6 3. Nf3 b6 4. g3 Bb7 5. Bg2 Be7 6. 0-0 0-0 7. Nc3 d6 8. Qc2 Nbd7 9. Rd1 Qc8 10. e4 e5 11. Bh3 Qe8 12. d5 a5 13. Be3 Qd8 14. a3 Nb8 15. b4 Bc8 16. Bxc8 Qxc8 17. Kg2 Nbd7 18. h3 Qb7 19. c5 dxc5 20. bxc5 Bxc5 21. Bxc5 Nxc5 22. Nxe5 Rfe8 23. f4 Nfd7 24. Nc6 f6 25. Re1 Qa6 26. Qe2 Nb8 27. Qxa6 Ncxa6 28. Nd4 Nc5 29. Rad1 Kf7 30. Kf3 Nbd7 31. Ncb5 Na6 32. Ne6 Rec8 33. Re3 Ndc5 34. Ned4 Re8 35. Nc6 Rac8 36. d6 cxd6 37. Nxd6+ Kf8 38. Nxc8 Rxc8 39. Na7 Rb8 40. Nb5 Ke7 41. e5 Rb7 42. exf6+ Kxf6 43. g4 Nb8 44. g5+ Kg6 45. Kg4 h5+ 46. gxh6 Kxh6 47. Nd6 Rc7 48. Nf5+ Kh7 49. Re7 Rxe7 50. Nxe7 Nbd7 51. Rb1 Na4 52. Rb5 Nf6+ 53. Kf5 Ne8 54. Kg4 Nf6+ 55. Kf3 Kh6 56. Nc8 Nd7 57. Rd5 Nf6 58. Rd6 1-0

[Event "Barcelona Sant Marti op-A 4th"]
[Site "Barcelona"]
[Date "2015.03.05"]
[Round "8"]
[White "Ribera Nebot, Joan"]
[Black "Sanchez Criado, Lluis"]
[Result "1/2-1/2"]
[WhiteElo "2074"]
[BlackElo "2142"]
[PlyCount "77"]
[EventDate "2015.01.15"]
[EventType "swiss"]
[EventRounds "9"]
[EventCountry "ESP"]
[SourceTitle "EXT 2016"]
[Source "ChessBase"]
[SourceDate "2015.10.08"]
[SourceVersion "1"]
[SourceVersionDate "2015.10.08"]
[SourceQuality "1"]

1. Nf3 Nf6 2. g3 d5 3. Bg2 g6 4. 0-0 Bg7 5. d3 0-0 6. Nbd2 h6 7. c3 Nc6 8. e4 dxe4 9. dxe4 e5 10. Qe2 Be6 11. h3 Qd7 12. Kh2 Rfd8 13. Nb3 b6 14. Be3 Qd3 15. Qxd3 Rxd3 16. Rfd1 Rad8 17. Rxd3 Rxd3 18. Bf1 Rd6 19. Nfd2 a5 20. f3 Rd8 21. Re1 Ne8 22. Nc1 f5 23. Kg2 Nd6 24. b3 Ne7 25. Bf2 Nxe4 26. Nxe4 fxe4 27. fxe4 Rd2 28. Re2 Rd1 29. Re1 Rd2 30. Re2 Rd6 31. Rc2 h5 32. Be3 Rd1 33. Rd2 Bxh3+ 34. Kxh3 Rxf1 35. Rd7 Bf6 36. Kg2 Re1 37. Kf2 Rh1 38. Kg2 Re1 39. Kf2 1/2-1/2

[Event "Barcelona Sant Marti op-A 4th"]
[Site "Barcelona"]
[Date "2015.02.19"]
[Round "6"]
[White "Sanchez Criado, Lluis"]
[Black "Godesard Forgas, Carles"]
[Result "1-0"]
[WhiteElo "2142"]
[BlackElo "2079"]
[PlyCount "31"]
[EventDate "2015.01.15"]
[EventType "swiss"]
[EventRounds "9"]
[EventCountry "ESP"]
[SourceTitle "EXT 2016"]
[Source "ChessBase"]
[SourceDate "2015.10.08"]
[SourceVersion "1"]
[SourceVersionDate "2015.10.08"]
[SourceQuality "1"]

1. d4 g6 2. c4 Bg7 3. Nc3 f5 4. g3 Nf6 5. Bg2 0-0 6. Nf3 d6 7. 0-0 c6 8. Re1 Na6 9. a3 Be6 10. d5 cxd5 11. Ng5 Bd7 12. Bxd5+ Nxd5 13. Qxd5+ Kh8 14. Nf7+ Rxf7 15. Qxf7 e6 16. Bg5 1-0

[Event "Barcelona Tardor op 2nd"]
[Site "Barcelona"]
[Date "2014.11.10"]
[Round "6"]
[White "Sanchez Criado, Lluis"]
[Black "Castells Briones, Miquel"]
[Result "1/2-1/2"]
[WhiteElo "2234"]
[BlackElo "2170"]
[PlyCount "79"]
[EventDate "2014.10.06"]
[EventType "swiss"]
[EventRounds "8"]
[EventCountry "ESP"]
[SourceTitle "EXT 2016"]
[Source "ChessBase"]
[SourceDate "2015.10.08"]
[SourceVersion "1"]
[SourceVersionDate "2015.10.08"]
[SourceQuality "1"]

1. d4 Nf6 2. Nf3 e6 3. g3 b6 4. Bg2 Bb7 5. 0-0 Be7 6. c4 d6 7. Nc3 0-0 8. Qc2 Nbd7 9. e4 e5 10. dxe5 dxe5 11. Rd1 Qe8 12. Nh4 Nc5 13. Nf5 Bd8 14. b3 g6 15. Ne3 c6 16. Bb2 Bc7 17. Ba3 Qe7 18. Na4 Bd6 19. Nxc5 Bxc5 20. Bxc5 Qxc5 21. Rd3 Rad8 22. Rad1 Rd4 23. b4 Qxb4 24. Rxd4 exd4 25. Rxd4 Qe1+ 26. Bf1 Re8 27. Rd1 Qa5 28. Bg2 Qe5 29. Qd3 h5 30. f3 Kg7 31. Qd4 Ba6 32. Qxe5 Rxe5 33. f4 Rc5 34. e5 Ng4 35. Nxg4 hxg4 36. Rd7 Bxc4 37. Rxa7 Be6 38. Ra6 Rc1+ 39. Kf2 Rc2+ 40. Kg1 1/2-1/2

[Event "Barcelona Tardor op 2nd"]
[Site "Barcelona"]
[Date "2014.10.27"]
[Round "4"]
[White "Sanchez Criado, Lluis"]
[Black "Rocher Gonzalez, Vicence"]
[Result "1-0"]
[WhiteElo "2234"]
[BlackElo "2048"]
[PlyCount "35"]
[EventDate "2014.10.06"]
[EventType "swiss"]
[EventRounds "8"]
[EventCountry "ESP"]
[SourceTitle "EXT 2016"]
[Source "ChessBase"]
[SourceDate "2015.10.08"]
[SourceVersion "1"]
[SourceVersionDate "2015.10.08"]
[SourceQuality "1"]

1. d4 d5 2. Nf3 Nf6 3. g3 g6 4. Bg2 Bg7 5. 0-0 0-0 6. c4 c6 7. Nc3 Nbd7 8. b3 Re8 9. Bb2 Ne4 10. Nxe4 dxe4 11. Ng5 e5 12. Nxe4 f5 13. Nd6 Re6 14. Nxc8 Qxc8 15. d5 Rd6 16. dxc6 Rxd1 17. cxb7 Rxf1+ 18. Rxf1 1-0